000 01201cam a2200241 a 4500
001 SSB059471
003 PILC
005 20150924091052.0
008
020 _a9781586486716
050 0 0 _aJZ 1670
_b.M277 2008
100 1 _aMahbubani, Kishore.
245 1 4 _aThe new Asian hemisphere :
_bthe irresistible shift of global power to the East /
_cKishore Mahbubani.
260 _aNew York :
_bPublicAffairs,
_c2008.
300 _ax, 314 pages :
_billustrations ;
_c21 cm.
500 _aIncludes bibliographical references and index.
505 0 _aIntroduction -- The three scenarios -- Why Asia is rising now -- Why is the West not celebrating? -- De-westernization : the return of history -- Western incompetence, Asian competence? -- Prerequisites for global leadership : priciples, partnerships, and pragmatism -- Notes -- Index.
650 0 _aInternational relations.
651 0 _aAsia
_xForeign relations.
856 4 2 _3Contributor biographical information
_uhttp://www.loc.gov/catdir/enhancements/fy0828/2007041265-b.html
856 4 2 _3Publisher description
_uhttp://www.loc.gov/catdir/enhancements/fy0828/2007041265-d.html
942 _2lcc
_cBK
_kFOR
999 _c288735
_d288735